[Event "GBR-ch111 Over 50"]
[Site "Liverpool"]
[Date "2025.08.04"]
[Round "1.1"]
[White "Alldritt, Nigel RE"]
[Black "Arkell, Keith C"]
[Result "0-1"]
[WhiteElo "1888"]
[BlackElo "2363"]
[PlyCount "64"]
[EventDate "2025.08.04"]
[EventType "swiss"]
[EventRounds "7"]
[EventCountry "GBR"]
[SourceTitle "BritBase"]
[Source "John Saunders"]
[SourceDate "2025.08.11"]
[SourceVersion "1"]
[SourceVersionDate "2025.08.11"]
[SourceQuality "1"]

1. d4 d6 2. c4 e5 3. Nf3 Bg4 4. dxe5 Bxf3 5. exf3 dxe5 6. Qxd8+ Kxd8 7. Nc3 Bd6 8. Be3 Nd7 9. O-O-O Ngf6 10. Be2 Kc8 11. Ne4 Nxe4 12. fxe4 h5 13. f3 a5 14. Rd5 b6 15. Rhd1 h4 16. Bf1 Kb7 17. Kc2 Rae8 18. g3 hxg3 19. hxg3 Re6 20. R5d2 Rg6 21. Bf2 Nf8 22. Bg2 Ne6 23. b3 Bc5 24. Bxc5 bxc5 25. g4 Nd4+ 26. Kd3 a4 27. Rb1 axb3 28. axb3 Rb6 29. Rdb2 Kc6 30. b4 cxb4 31. Rxb4 Rxb4 32. Rxb4 Rh2 0-1

[Event "GBR-ch111 Over 50"]
[Site "Liverpool"]
[Date "2025.08.04"]
[Round "1.2"]
[White "Merriman, John"]
[Black "Gardiner, Eric D"]
[Result "1-0"]
[WhiteElo "2202"]
[BlackElo "1869"]
[PlyCount "57"]
[EventDate "2025.08.04"]
[EventType "swiss"]
[EventRounds "7"]
[EventCountry "GBR"]
[SourceTitle "BritBase"]
[Source "John Saunders"]
[SourceDate "2025.08.11"]
[SourceVersion "1"]
[SourceVersionDate "2025.08.11"]
[SourceQuality "1"]

1. d4 d6 2. e4 Nf6 3. f3 e5 4. d5 c6 5. c4 cxd5 6. cxd5 Be7 7. Be3 Nbd7 8. Ne2 g6 9. Qd2 Nh5 10. Nbc3 f5 11. exf5 gxf5 12. f4 O-O 13. O-O-O a6 14. Kb1 b5 15. fxe5 Nxe5 16. Nf4 Nxf4 17. Bxf4 Bf6 18. Bd3 Bd7 19. Rhe1 Rc8 20. Re3 Nxd3 21. Rxd3 Be8 22. Re1 Bg6 23. Re6 Be7 24. Rg3 Rf6 25. Re1 Rf7 26. Rge3 Rc7 27. Ne2 Qf8 28. Nd4 Qc8 29. Nc6 1-0

[Event "GBR-ch111 Over 50"]
[Site "Liverpool"]
[Date "2025.08.04"]
[Round "1.3"]
[White "Ridge, Michael"]
[Black "Duncan, Chris R"]
[Result "1/2-1/2"]
[WhiteElo "1868"]
[BlackElo "2196"]
[PlyCount "113"]
[EventDate "2025.08.04"]
[EventType "swiss"]
[EventRounds "7"]
[EventCountry "GBR"]
[SourceTitle "BritBase"]
[Source "John Saunders"]
[SourceDate "2025.08.11"]
[SourceVersion "1"]
[SourceVersionDate "2025.08.11"]
[SourceQuality "1"]

1. Nf3 d5 2. g3 Bg4 3. Bg2 Nd7 4. O-O c6 5. d4 e6 6. Nbd2 Ngf6 7. Re1 Bd6 8. c3 O-O 9. e4 dxe4 10. Nxe4 Nxe4 11. Rxe4 Bf5 12. Re1 h6 13. Ne5 Nxe5 14. dxe5 Bxe5 15. Bxh6 Bxc3 16. bxc3 gxh6 17. Qa4 Qf6 18. Qb4 Rab8 19. Rad1 Rfd8 20. Rxd8+ Rxd8 21. Rc1 Rd7 22. h4 Kg7 23. c4 Qd4 24. a3 Qd2 25. Qxd2 Rxd2 26. Rc3 Kf6 27. Rb3 Rd1+ 28. Kh2 Rb1 29. Rf3 Ke7 30. Re3 Kd6 31. Be4 Bxe4 32. Rxe4 Rb3 33. Rf4 Ke7 34. c5 Rb5 35. Rc4 e5 36. g4 Ke6 37. Rc3 f5 38. f3 Rb2+ 39. Kh3 e4 40. gxf5+ Kxf5 41. fxe4+ Kxe4 42. Kg4 Kd4 43. Rc1 Ra2 44. Kh5 Rxa3 45. Kxh6 a5 46. h5 a4 47. Kg7 Rg3+ 48. Kf6 Rh3 49. Kg6 a3 50. h6 Rg3+ 51. Kf6 a2 52. h7 Rh3 53. Kg7 Rg3+ 54. Kf6 Rf3+ 55. Kg7 Rg3+ 56. Kf6 Rh3 57. Kg7 1/2-1/2

[Event "GBR-ch111 Over 50"]
[Site "Liverpool"]
[Date "2025.08.04"]
[Round "1.4"]
[White "Baker, Chris W"]
[Black "Giulian, Rosemary A"]
[Result "1-0"]
[WhiteElo "2187"]
[BlackElo "1861"]
[PlyCount "71"]
[EventDate "2025.08.04"]
[EventType "swiss"]
[EventRounds "7"]
[EventCountry "GBR"]
[SourceTitle "BritBase"]
[Source "John Saunders"]
[SourceDate "2025.08.11"]
[SourceVersion "1"]
[SourceVersionDate "2025.08.11"]
[SourceQuality "1"]

1. e4 e6 2. d4 d5 3. Nd2 a6 4. Ngf3 c5 5. dxc5 Bxc5 6. Bd3 Nf6 7. e5 Nfd7 8. O-O Nc6 9. Nb3 Bb6 10. Bf4 h6 11. Re1 Nc5 12. Nxc5 Bxc5 13. c3 Bd7 14. a3 g5 15. Bg3 h5 16. b4 Be7 17. h3 Rc8 18. Rc1 b5 19. Qe2 Na7 20. Nd4 h4 21. Bh2 Rb8 22. Qg4 Nc6 23. Nb3 a5 24. Kh1 a4 25. Nd2 Na7 26. f4 Rg8 27. Nf3 Kf8 28. f5 exf5 29. Bxf5 Bxf5 30. Qxf5 Rb6 31. Bg1 Rb7 32. e6 Bf6 33. Bc5+ Kg7 34. e7 Bxe7 35. Bd4+ Bf6 36. Qxg5+ 1-0

[Event "GBR-ch111 Over 50"]
[Site "Liverpool"]
[Date "2025.08.04"]
[Round "1.5"]
[White "Potter, Steven"]
[Black "Thomas, Robert"]
[Result "1-0"]
[WhiteElo "1855"]
[BlackElo "2166"]
[PlyCount "53"]
[EventDate "2025.08.04"]
[EventType "swiss"]
[EventRounds "7"]
[EventCountry "GBR"]
[SourceTitle "BritBase"]
[Source "John Saunders"]
[SourceDate "2025.08.11"]
[SourceVersion "1"]
[SourceVersionDate "2025.08.11"]
[SourceQuality "1"]

1. d4 d5 2. Bg5 f6 3. Bd2 Nc6 4. e3 e5 5. Bb5 Nh6 6. dxe5 fxe5 7. Qh5+ Nf7 8. Nc3 Be7 9. O-O-O Be6 10. f4 g6 11. Qe2 a6 12. Ba4 Qd7 13. Nf3 e4 14. Nd4 Bg4 15. Qf2 Bxd1 16. Rxd1 O-O 17. Nce2 Bf6 18. f5 Bxd4 19. Nxd4 Nd6 20. g4 b5 21. Bb3 Nc4 22. Nxc6 Qxc6 23. Bc3 a5 24. Qh4 a4 25. Bxc4 dxc4 26. Qe7 Rf7 27. Qe5 1-0

[Event "GBR-ch111 Over 50"]
[Site "Liverpool"]
[Date "2025.08.04"]
[Round "1.6"]
[White "Okike, David C"]
[Black "Rubeck, Jonathan"]
[Result "1-0"]
[WhiteElo "2165"]
[BlackElo "1850"]
[PlyCount "117"]
[EventDate "2025.08.04"]
[EventType "swiss"]
[EventRounds "7"]
[EventCountry "GBR"]
[SourceTitle "BritBase"]
[Source "John Saunders"]
[SourceDate "2025.08.11"]
[SourceVersion "1"]
[SourceVersionDate "2025.08.11"]
[SourceQuality "1"]

1. e4 e6 2. d4 d5 3. Nc3 Nf6 4. e5 Nfd7 5. f4 c5 6. Nf3 Nc6 7. Be3 a6 8. a3 b5 9. Be2 Qb6 10. Qd2 cxd4 11. Nxd4 Nxd4 12. Bxd4 Bc5 13. Rd1 Bxd4 14. Qxd4 Qxd4 15. Rxd4 Bb7 16. a4 bxa4 17. Nxa4 Ke7 18. Kd2 g5 19. g3 gxf4 20. gxf4 Rhg8 21. Bf3 Bc6 22. Nc3 Rg6 23. Ne2 Rag8 24. c4 Nb6 25. b3 Ba8 26. cxd5 Bxd5 27. Bxd5 Nxd5 28. Ra1 Rg2 29. Rxa6 R8g4 30. Kd3 Rxh2 31. Ra7+ Kf8 32. f5 Rh3+ 33. Kd2 Rxd4+ 34. Nxd4 Rh2+ 35. Kc1 exf5 36. Nxf5 Ke8 37. Nd6+ Kf8 38. Rxf7+ Kg8 39. Rd7 Re2 40. Nc4 Nf4 41. Kd1 h5 42. Rd4 Rf2 43. Ke1 Rf3 44. Nd2 Ng2+ 45. Ke2 Rf5 46. Nc4 h4 47. Rg4+ Kf8 48. Rxg2 Ke7 49. Ke3 Ke6 50. Rg6+ Kd5 51. Rh6 Rg5 52. Rxh4 Rg3+ 53. Kf4 Rxb3 54. Ne3+ Ke6 55. Rh6+ Ke7 56. Nf5+ Ke8 57. e6 Rb4+ 58. Kg5 Kd8 59. e7+ 1-0

[Event "GBR-ch111 Over 50"]
[Site "Liverpool"]
[Date "2025.08.04"]
[Round "1.7"]
[White "Swiatkowski, Aram"]
[Black "Crocker, Philip J"]
[Result "0-1"]
[WhiteElo "1844"]
[BlackElo "2155"]
[PlyCount "64"]
[EventDate "2025.08.04"]
[EventType "swiss"]
[EventRounds "7"]
[EventCountry "GBR"]
[SourceTitle "BritBase"]
[Source "John Saunders"]
[SourceDate "2025.08.11"]
[SourceVersion "1"]
[SourceVersionDate "2025.08.11"]
[SourceQuality "1"]

1. e4 e5 2. Nf3 Nc6 3. d4 exd4 4. Bc4 Nf6 5. O-O Nxe4 6. Re1 d5 7. Bxd5 Qxd5 8. Nc3 Qd7 9. Rxe4+ Be7 10. Nxd4 f5 11. Rf4 O-O 12. Be3 Bd6 13. Nxc6 Bxf4 14. Qxd7 Bxd7 15. Ne7+ Kf7 16. Bxf4 Kxe7 17. Nd5+ Kf7 18. Nxc7 Rac8 19. Bd6 Rfd8 20. Re1 Bc6 21. Bf4 h6 22. c4 Rd4 23. Be5 Rxc4 24. Bd6 Re4 25. Rxe4 Bxe4 26. f3 Bc6 27. Kf2 Rd8 28. Be5 g5 29. Ke3 f4+ 30. Ke2 Rd7 31. Kf2 Kg6 32. g4 Rd2+ 0-1

[Event "GBR-ch111 Over 50"]
[Site "Liverpool"]
[Date "2025.08.04"]
[Round "1.8"]
[White "Farrell, Neil R"]
[Black "Cook, Phil"]
[Result "0-1"]
[WhiteElo "2134"]
[BlackElo "1844"]
[PlyCount "162"]
[EventDate "2025.08.04"]
[EventType "swiss"]
[EventRounds "7"]
[EventCountry "GBR"]
[SourceTitle "BritBase"]
[Source "John Saunders"]
[SourceDate "2025.08.11"]
[SourceVersion "1"]
[SourceVersionDate "2025.08.11"]
[SourceQuality "1"]

1. d4 Nf6 2. c4 c5 3. d5 b5 4. cxb5 a6 5. e3 e6 6. dxe6 fxe6 7. Nc3 d5 8. Nf3 c4 9. a4 axb5 10. Nxb5 Bd7 11. Bd2 Qb6 12. b3 Bxb5 13. axb5 Rxa1 14. Qxa1 cxb3 15. Bd3 Bd6 16. O-O O-O 17. Bc3 Nbd7 18. Bd4 Qb8 19. Rc1 e5 20. Ba7 b2 21. Qxb2 Qxa7 22. Be2 Qb8 23. h3 Rc8 24. Rd1 Nb6 25. Qb3 Qb7 26. g4 Ne4 27. Ra1 Qf7 28. Kg2 Bb8 29. Qb2 Nc3 30. Rc1 Nxe2 31. Rxc8+ Nxc8 32. Qxe2 e4 33. Nd4 Qc7 34. f4 exf3+ 35. Qxf3 Nb6 36. Nc6 Qh2+ 37. Kf1 Qd6 38. Qf5 Bc7 39. h4 Qf8 40. e4 dxe4 41. Qxf8+ Kxf8 42. Ke2 Nd5 43. Nd4 Bb6 44. Ne6+ Kg8 45. Ng5 Nc3+ 46. Kd2 Nxb5 47. Nxe4 Nd4 48. h5 Nf3+ 49. Ke2 Ne5 50. g5 Kf8 51. Kf1 Ke7 52. h6 gxh6 53. gxh6 Be3 54. Kg2 Bxh6 55. Kg3 Ke6 56. Kh4 Kf5 57. Ng3+ Kg6 58. Kh3 Bd2 59. Kg2 Be1 60. Ne2 Kf5 61. Kf1 Bh4 62. Nc3 h5 63. Kg2 Kg4 64. Ne2 Nc4 65. Kh2 Ne3 66. Nd4 Bf6 67. Ne2 Be5+ 68. Kh1 Kf3 69. Ng1+ Kg3 70. Ne2+ Kf2 71. Nc1 Bg3 72. Nd3+ Kf1 73. Nc5 Nd1 74. Ne4 Be5 75. Ng3+ Kf2 76. Ne4+ Kf3 77. Nd2+ Kg4 78. Nf1 Bf4 79. Kg2 h4 80. Kh1 Kf3 81. Kg1 Nf2 0-1

[Event "GBR-ch111 Over 50"]
[Site "Liverpool"]
[Date "2025.08.04"]
[Round "1.9"]
[White "Faulkner, Martin J"]
[Black "McMichael, Richard J"]
[Result "0-1"]
[WhiteElo "1818"]
[BlackElo "2112"]
[PlyCount "98"]
[EventDate "2025.08.04"]
[EventType "swiss"]
[EventRounds "7"]
[EventCountry "GBR"]
[SourceTitle "BritBase"]
[Source "John Saunders"]
[SourceDate "2025.08.11"]
[SourceVersion "1"]
[SourceVersionDate "2025.08.11"]
[SourceQuality "1"]

1. c4 b6 2. d4 e6 3. a3 Bb7 4. Nc3 f5 5. d5 Nf6 6. g3 Bd6 7. Bg2 Be5 8. Qc2 Na6 9. Nh3 O-O 10. O-O Nc5 11. Rd1 Qe8 12. Be3 Bxc3 13. Qxc3 Nce4 14. Qb3 e5 15. f3 Nd6 16. Rac1 Rb8 17. Qc2 Nc8 18. Kh1 h6 19. Bg1 d6 20. Nf2 Ne7 21. e4 Bc8 22. Bh3 Qh5 23. Bg2 Bd7 24. Rf1 Rf7 25. Qd2 Rbf8 26. Rce1 g5 27. Qe2 Rh7 28. f4 gxf4 29. Qxh5 Nxh5 30. Bf3 Be8 31. g4 fxg4 32. Bxg4 Nf6 33. Bh3 Bh5 34. Be6+ Kh8 35. Nd3 Ng6 36. Rc1 Nxe4 37. Rc2 Ng5 38. h3 Nxe6 39. dxe6 Re7 40. b4 Rxe6 41. c5 d5 42. cxb6 cxb6 43. Rc7 Be2 44. Nxf4 Nxf4 45. Rf2 Rg6 46. Bh2 Bd3 47. Bxf4 Be4+ 48. Kh2 Rxf4 49. Rxf4 exf4 0-1

[Event "GBR-ch111 Over 50"]
[Site "Liverpool"]
[Date "2025.08.04"]
[Round "1.10"]
[White "Dougherty, Michael"]
[Black "May, Paul"]
[Result "1-0"]
[WhiteElo "2076"]
[BlackElo "1815"]
[PlyCount "81"]
[EventDate "2025.08.04"]
[EventType "swiss"]
[EventRounds "7"]
[EventCountry "GBR"]
[SourceTitle "BritBase"]
[Source "John Saunders"]
[SourceDate "2025.08.11"]
[SourceVersion "1"]
[SourceVersionDate "2025.08.11"]
[SourceQuality "1"]

1. e4 c5 2. f4 a6 3. Nf3 Nc6 4. c3 e6 5. d4 d5 6. e5 cxd4 7. cxd4 Bb4+ 8. Nc3 Nge7 9. Bd3 Ng6 10. O-O O-O 11. Ne2 Bd7 12. Ng3 Nh4 13. Bxh7+ Kh8 14. Bd3 g6 15. Be3 Kg7 16. Ng5 Rh8 17. Qg4 Nf5 18. Nxf5+ exf5 19. Qf3 Be6 20. Qf2 Qb6 21. g4 Ne7 22. a3 fxg4 23. Nxe6+ fxe6 24. axb4 Rh3 25. f5 exf5 26. Bg5 Rah8 27. Bf6+ Kg8 28. Bxh8 Kxh8 29. Rfd1 Kg7 30. Bf1 Rf3 31. Qh4 Ng8 32. b5 a5 33. Qe1 Qe6 34. Qxa5 g3 35. Qc7+ Ne7 36. Qd6 Qf7 37. Ra7 gxh2+ 38. Kh1 Ng8 39. Bg2 Rf2 40. Bxd5 Qe8 41. Rxb7+ 1-0

[Event "GBR-ch111 Over 50"]
[Site "Liverpool"]
[Date "2025.08.04"]
[Round "1.11"]
[White "Graff, Ben"]
[Black "Neave, George"]
[Result "1/2-1/2"]
[WhiteElo "1809"]
[BlackElo "2066"]
[PlyCount "35"]
[EventDate "2025.08.04"]
[EventType "swiss"]
[EventRounds "7"]
[EventCountry "GBR"]
[SourceTitle "BritBase"]
[Source "John Saunders"]
[SourceDate "2025.08.11"]
[SourceVersion "1"]
[SourceVersionDate "2025.08.11"]
[SourceQuality "1"]

1. e4 c5 2. Nc3 Nc6 3. d3 g6 4. g3 Bg7 5. Nge2 d6 6. Bg2 Nf6 7. O-O O-O 8. Bg5 Rb8 9. Qd2 b5 10. Bh6 b4 11. Nd1 Bxh6 12. Qxh6 Nd4 13. Nxd4 cxd4 14. Qd2 e5 15. c3 bxc3 16. bxc3 dxc3 17. Nxc3 Ba6 18. Rfd1 1/2-1/2

[Event "GBR-ch111 Over 50"]
[Site "Liverpool"]
[Date "2025.08.04"]
[Round "1.12"]
[White "Regan, Natasha K"]
[Black "Betts, Richard"]
[Result "1-0"]
[WhiteElo "2064"]
[BlackElo "1808"]
[PlyCount "47"]
[EventDate "2025.08.04"]
[EventType "swiss"]
[EventRounds "7"]
[EventCountry "GBR"]
[SourceTitle "BritBase"]
[Source "John Saunders"]
[SourceDate "2025.08.11"]
[SourceVersion "1"]
[SourceVersionDate "2025.08.11"]
[SourceQuality "1"]

1. Nf3 d5 2. d4 Nf6 3. e3 e6 4. c4 c6 5. b3 Nbd7 6. Bd3 Bd6 7. Nbd2 e5 8. cxd5 Nxd5 9. O-O Qe7 10. Nc4 Bc7 11. Ba3 Qe6 12. Ng5 Qh6 13. h4 b5 14. Nxe5 Nxe5 15. dxe5 Bxe5 16. Bxb5 Bd7 17. Rc1 Nc3 18. Rxc3 Bxc3 19. Nxf7 Qxh4 20. Bc4 g5 21. Qd6 g4 22. Nxh8 Qf6 23. Qxf6 Bxf6 24. Nf7 1-0

[Event "GBR-ch111 Over 50"]
[Site "Liverpool"]
[Date "2025.08.04"]
[Round "1.13"]
[White "Morrison, Munroe L"]
[Black "Brett, Andrew R"]
[Result "0-1"]
[WhiteElo "1806"]
[BlackElo "2061"]
[PlyCount "54"]
[EventDate "2025.08.04"]
[EventType "swiss"]
[EventRounds "7"]
[EventCountry "GBR"]
[SourceTitle "BritBase"]
[Source "John Saunders"]
[SourceDate "2025.08.11"]
[SourceVersion "1"]
[SourceVersionDate "2025.08.11"]
[SourceQuality "1"]

1. e4 c5 2. Nc3 g6 3. d4 cxd4 4. Qxd4 Nf6 5. Nf3 Nc6 6. Qa4 d6 7. e5 dxe5 8. Nxe5 Bg7 9. Nxc6 bxc6 10. Be3 Qc7 11. Rd1 O-O 12. Be2 Bf5 13. Bf3 Rfc8 14. O-O Nd7 15. Rd2 Rab8 16. Qa3 Ne5 17. Be2 Bg4 18. Ba6 Be6 19. Rfd1 Ng4 20. Bd4 Qxh2+ 21. Kf1 Qh1+ 22. Ke2 Qxg2 23. Qc5 Re8 24. Bxg7 Kxg7 25. b3 Nf6 26. Re1 Bg4+ 27. Kd3 Red8+ 0-1

[Event "GBR-ch111 Over 50"]
[Site "Liverpool"]
[Date "2025.08.04"]
[Round "1.14"]
[White "Minnican, Alan"]
[Black "Matthews, Adrian MS"]
[Result "1-0"]
[WhiteElo "2056"]
[BlackElo "1796"]
[PlyCount "107"]
[EventDate "2025.08.04"]
[EventType "swiss"]
[EventRounds "7"]
[EventCountry "GBR"]
[SourceTitle "BritBase"]
[Source "John Saunders"]
[SourceDate "2025.08.11"]
[SourceVersion "1"]
[SourceVersionDate "2025.08.11"]
[SourceQuality "1"]

1. e4 c5 2. c3 d5 3. exd5 Qxd5 4. d4 Nf6 5. Nf3 Bg4 6. dxc5 Qxd1+ 7. Kxd1 e5 8. b4 e4 9. h3 Bh5 10. g4 Nxg4 11. hxg4 Bxg4 12. Rg1 h5 13. Kc2 Bxf3 14. Bf4 f6 15. Nd2 g5 16. Nxf3 exf3 17. Re1+ Kf7 18. Bc4+ Kg6 19. Bd3+ Kf7 20. Bc4+ Kg6 21. Re8 Bg7 22. Re7 Nc6 23. Bd3+ Kh6 24. Bxg5+ fxg5 25. Re6+ Bf6 26. Rxf6+ Kg7 27. Rg6+ Kf8 28. R6xg5 Rd8 29. Rf5+ Ke8 30. Rxf3 Rd7 31. Rg5 Kd8 32. Be4 Re7 33. Bxc6 bxc6 34. Rg6 Reh7 35. Rxc6 h4 36. Rd3+ Rd7 37. Rh3 Rf7 38. Rd6+ Kc7 39. Rd4 Rxf2+ 40. Kb3 Rf1 41. Rdxh4 Rxh4 42. Rxh4 Rb1+ 43. Kc4 Rb2 44. Rh7+ Kb8 45. a4 Rd2 46. Kb5 Rg2 47. a5 Rg6 48. c6 Rf6 49. Rd7 Rg6 50. Kc5 Rg3 51. c4 Rg5+ 52. Rd5 Rg6 53. b5 Rh6 54. b6 1-0

[Event "GBR-ch111 Over 50"]
[Site "Liverpool"]
[Date "2025.08.04"]
[Round "1.15"]
[White "Kelly, Richard"]
[Black "Smith, Jeff R"]
[Result "0-1"]
[WhiteElo "1787"]
[BlackElo "2050"]
[PlyCount "84"]
[EventDate "2025.08.04"]
[EventType "swiss"]
[EventRounds "7"]
[EventCountry "GBR"]
[SourceTitle "BritBase"]
[Source "John Saunders"]
[SourceDate "2025.08.11"]
[SourceVersion "1"]
[SourceVersionDate "2025.08.11"]
[SourceQuality "1"]

1. d4 Nf6 2. c4 e6 3. Nf3 b6 4. g3 Bb7 5. Bg2 Be7 6. O-O O-O 7. d5 exd5 8. Nh4 c6 9. cxd5 Nxd5 10. Nf5 Nc7 11. e4 d5 12. Nc3 Bf6 13. exd5 cxd5 14. Bf4 Nba6 15. Re1 Nc5 16. Bd6 Re8 17. Rxe8+ Nxe8 18. Bxc5 bxc5 19. Nxd5 Bxd5 20. Bxd5 Rb8 21. Rb1 g6 22. Nh6+ Kg7 23. Ng4 Bd4 24. Qf3 f5 25. Ne3 Nf6 26. Bc4 Ne4 27. Nxf5+ gxf5 28. Qxf5 Nxf2 29. Qf7+ Kh8 30. b3 Ng4+ 31. Kh1 Qf6 32. Rf1 Nf2+ 33. Kg2 Qxf7 34. Bxf7 Rf8 35. Bc4 Kg7 36. Re1 a5 37. h3 h5 38. Re7+ Kf6 39. Ra7 Ne4 40. Rxa5 Ke5 41. Ra6 Rf2+ 42. Kh1 Nxg3+ 0-1

[Event "GBR-ch111 Over 50"]
[Site "Liverpool"]
[Date "2025.08.04"]
[Round "1.16"]
[White "Noyce, Robert C"]
[Black "Wheeler, Tim"]
[Result "1/2-1/2"]
[WhiteElo "2040"]
[BlackElo "1784"]
[PlyCount "39"]
[EventDate "2025.08.04"]
[EventType "swiss"]
[EventRounds "7"]
[EventCountry "GBR"]
[SourceTitle "BritBase"]
[Source "John Saunders"]
[SourceDate "2025.08.11"]
[SourceVersion "1"]
[SourceVersionDate "2025.08.11"]
[SourceQuality "1"]

1. c4 Nf6 2. Nc3 g6 3. g3 Bg7 4. Bg2 O-O 5. e4 d6 6. Nge2 c5 7. O-O Nc6 8. d3 Bg4 9. f3 Bd7 10. h3 a6 11. Be3 Rb8 12. d4 cxd4 13. Nxd4 Nxd4 14. Bxd4 Qc8 15. Qd3 Bxh3 16. Bxf6 Bxf6 17. Nd5 Qc5+ 18. Kh2 Bxg2 19. Nxf6+ exf6 20. Kxg2 1/2-1/2

[Event "GBR-ch111 Over 50"]
[Site "Liverpool"]
[Date "2025.08.04"]
[Round "1.17"]
[White "Wilson, Matthew R"]
[Black "Ledger, Stephen C"]
[Result "0-1"]
[WhiteElo "1784"]
[BlackElo "2033"]
[PlyCount "56"]
[EventDate "2025.08.04"]
[EventType "swiss"]
[EventRounds "7"]
[EventCountry "GBR"]
[SourceTitle "BritBase"]
[Source "John Saunders"]
[SourceDate "2025.08.11"]
[SourceVersion "1"]
[SourceVersionDate "2025.08.11"]
[SourceQuality "1"]

1. e4 c5 2. Nf3 Nc6 3. Bb5 g6 4. O-O Bg7 5. Re1 e5 6. Bxc6 dxc6 7. d3 Qe7 8. a3 Nf6 9. h3 O-O 10. b4 Nd7 11. Nbd2 Re8 12. Nb3 b6 13. Bg5 f6 14. Bd2 cxb4 15. axb4 Bb7 16. Qb1 Nf8 17. d4 exd4 18. Nbxd4 Ne6 19. Qb3 Qf7 20. Nxe6 Qxe6 21. c4 a6 22. Nd4 Qf7 23. c5 f5 24. Qxf7+ Kxf7 25. Be3 f4 26. Bxf4 Bxd4 27. Rad1 bxc5 28. bxc5 Bxc5 0-1

[Event "GBR-ch111 Over 50"]
[Site "Liverpool"]
[Date "2025.08.04"]
[Round "1.18"]
[White "Mason, Donald J"]
[Black "Polanyk, John"]
[Result "1-0"]
[WhiteElo "2015"]
[BlackElo "1771"]
[PlyCount "49"]
[EventDate "2025.08.04"]
[EventType "swiss"]
[EventRounds "7"]
[EventCountry "GBR"]
[SourceTitle "BritBase"]
[Source "John Saunders"]
[SourceDate "2025.08.11"]
[SourceVersion "1"]
[SourceVersionDate "2025.08.11"]
[SourceQuality "1"]

1. e4 c5 2. Nf3 d6 3. Bb5+ Nc6 4. O-O e5 5. c3 Bd7 6. d4 Qc7 7. d5 Nce7 8. a4 h6 9. Na3 Ng6 10. b4 cxb4 11. cxb4 a6 12. Bxd7+ Qxd7 13. Nc4 Qd8 14. a5 Nf6 15. Nb6 Rb8 16. Qa4+ Ke7 17. Re1 Ne8 18. h4 Rg8 19. h5 Nh8 20. Nh4 g6 21. f4 Bg7 22. Bb2 Nc7 23. fxe5 Bxe5 24. Bxe5 dxe5 25. d6+ 1-0

[Event "GBR-ch111 Over 50"]
[Site "Liverpool"]
[Date "2025.08.04"]
[Round "1.19"]
[White "Kenning, Paul H"]
[Black "Homer, Stephen J"]
[Result "0-1"]
[WhiteElo "1764"]
[BlackElo "2005"]
[PlyCount "58"]
[EventDate "2025.08.04"]
[EventType "swiss"]
[EventRounds "7"]
[EventCountry "GBR"]
[SourceTitle "BritBase"]
[Source "John Saunders"]
[SourceDate "2025.08.11"]
[SourceVersion "1"]
[SourceVersionDate "2025.08.11"]
[SourceQuality "1"]

1. e4 c5 2. Nf3 d6 3. d4 cxd4 4. Qxd4 Nc6 5. Bb5 Bd7 6. Bxc6 bxc6 7. c4 e5 8. Qd3 Nf6 9. Nc3 h6 10. O-O Qc7 11. b3 Be7 12. Ba3 Rd8 13. Rac1 Bg4 14. Bb2 O-O 15. Qe3 Nd7 16. Na4 f5 17. Rc3 fxe4 18. Qxe4 Rf4 19. Qe2 Rdf8 20. h3 Bxf3 21. Rxf3 Rxf3 22. gxf3 Rf4 23. Nc3 Nf6 24. Rd1 Qc8 25. Kh2 Rh4 26. Qf1 Nh5 27. Ne2 Qf5 28. Bc1 Qxf3 29. Be3 Nf6 0-1

[Event "GBR-ch111 Over 50"]
[Site "Liverpool"]
[Date "2025.08.04"]
[Round "1.20"]
[White "Kee, Steve"]
[Black "Aitchison, A Keith"]
[Result "1-0"]
[WhiteElo "1977"]
[BlackElo "1757"]
[PlyCount "61"]
[EventDate "2025.08.04"]
[EventType "swiss"]
[EventRounds "7"]
[EventCountry "GBR"]
[SourceTitle "BritBase"]
[Source "John Saunders"]
[SourceDate "2025.08.11"]
[SourceVersion "1"]
[SourceVersionDate "2025.08.11"]
[SourceQuality "1"]

1. c4 Nf6 2. Nc3 g6 3. e4 d6 4. g3 Bg7 5. Bg2 O-O 6. Nge2 e5 7. O-O c6 8. d3 Nbd7 9. h3 Nc5 10. Be3 Ne6 11. f4 exf4 12. gxf4 Nd7 13. f5 Nc7 14. Qd2 Ne5 15. b3 c5 16. Rad1 Bd7 17. d4 cxd4 18. Nxd4 a6 19. Nde2 Ne8 20. Nd5 Bc6 21. Nb6 Rb8 22. a4 Nd7 23. Nxd7 Qxd7 24. c5 Rd8 25. cxd6 Nxd6 26. f6 Rfe8 27. fxg7 Bxe4 28. Bg5 Qc6 29. Bxd8 Rxd8 30. Rc1 Qb6+ 31. Qd4 1-0

[Event "GBR-ch111 Over 50"]
[Site "Liverpool"]
[Date "2025.08.04"]
[Round "1.21"]
[White "Tuke, David"]
[Black "Archer-Lock, Christopher J"]
[Result "1/2-1/2"]
[WhiteElo "1722"]
[BlackElo "1974"]
[PlyCount "59"]
[EventDate "2025.08.04"]
[EventType "swiss"]
[EventRounds "7"]
[EventCountry "GBR"]
[SourceTitle "BritBase"]
[Source "John Saunders"]
[SourceDate "2025.08.11"]
[SourceVersion "1"]
[SourceVersionDate "2025.08.11"]
[SourceQuality "1"]

1. d4 d5 2. c4 c6 3. cxd5 cxd5 4. Bf4 Nf6 5. e3 Nc6 6. Nc3 a6 7. a3 Bf5 8. Bd3 Bxd3 9. Qxd3 e6 10. Nf3 Be7 11. h3 Rc8 12. O-O O-O 13. Rfc1 Na5 14. Nd2 Nc4 15. Nxc4 dxc4 16. Qe2 b5 17. f3 Nd5 18. Bg3 Bg5 19. Bf2 Nxc3 20. Rxc3 Bh4 21. Bxh4 Qxh4 22. Qf2 Qf6 23. Rac1 e5 24. b3 exd4 25. exd4 Rfd8 26. bxc4 Rxd4 27. Qe2 bxc4 28. Rxc4 Rdxc4 29. Rxc4 Rb8 30. Qc2 1/2-1/2

[Event "GBR-ch111 Over 50"]
[Site "Liverpool"]
[Date "2025.08.04"]
[Round "1.22"]
[White "Handley, Michael R"]
[Black "Letton, Rob"]
[Result "1/2-1/2"]
[WhiteElo "1974"]
[BlackElo "1711"]
[PlyCount "133"]
[EventDate "2025.08.04"]
[EventType "swiss"]
[EventRounds "7"]
[EventCountry "GBR"]
[SourceTitle "BritBase"]
[Source "John Saunders"]
[SourceDate "2025.08.11"]
[SourceVersion "1"]
[SourceVersionDate "2025.08.11"]
[SourceQuality "1"]

1. d4 Nf6 2. c4 e6 3. Nc3 Bb4 4. Qc2 b6 5. a3 Bxc3+ 6. Qxc3 h6 7. Nf3 Bb7 8. g3 d6 9. Bg2 Nbd7 10. O-O O-O 11. b3 Qc8 12. Bb2 Ne4 13. Qe3 Re8 14. Rfd1 Ndf6 15. Bh3 Qd8 16. Ne1 d5 17. f3 Nd6 18. c5 Nc8 19. Rac1 Ne7 20. Nd3 a5 21. Ne5 Ba6 22. Rc2 Nd7 23. Nxf7 Kxf7 24. Qxe6+ Kf8 25. Qxd7 Qxd7 26. Bxd7 Red8 27. c6 Bc8 28. Bxc8 Raxc8 29. a4 Nf5 30. Kf2 Re8 31. Bc1 Re6 32. Bf4 Ne7 33. Rdc1 Nf5 34. Be5 Nd6 35. Bxd6+ Rxd6 36. Ke3 Re8+ 37. Kd3 Rde6 38. Rd2 Re3+ 39. Kc2 Rxe2 40. Rb1 R8e3 41. b4 axb4 42. Rxb4 Rxd2+ 43. Kxd2 Rxf3 44. Rxb6 Ke7 45. Rb8 Rf2+ 46. Kc3 Rxh2 47. Rg8 Kd6 48. Rxg7 Kxc6 49. Rg6+ Kb7 50. a5 Ra2 51. Kb4 Rd2 52. a6+ Ka7 53. Kc5 Rg2 54. g4 Rh2 55. Kxd5 h5 56. Rh6 h4 57. Kc6 Rc2+ 58. Kd5 Rh2 59. Ke4 h3 60. g5 Rg2 61. Kf5 h2 62. Kg6 Kxa6 63. Kh7+ Kb5 64. g6 Kc4 65. g7 Kxd4 66. g8=Q Rxg8 67. Kxg8 1/2-1/2